| 000 | 00547nam a2200169 4500 | ||
|---|---|---|---|
| 001 | 108944 | ||
| 003 | ES-MaACL | ||
| 005 | 20230906184737.0 | ||
| 007 | t| | ||
| 008 | 061121s1971 sp r ||||1| spa d | ||
| 110 | 2 |
_aMovimiento Familiar Cristiano (España) _9171904 |
|
| 245 | 1 | 0 |
_aMovimiento Familiar Cristiano : _bZaragoza, Asamblea Diocesana, curso 1970-1971. |
| 260 |
_aZaragoza : _b[s.n], _c1971 ( _fImp. Octavio y Félez) |
||
| 300 |
_a86 p. ; _c22 cm. |
||
| 650 |
_aFamilias- _xAspectos religiosos. _9172469 |
||
| 852 |
_aES-MaACL _jC-46824 |
||
| 999 |
_c108944 _d108944 |
||